书目信息 |
| 题名: |
孙子兵法导读
|
|
| 作者: | 黄葵 著 | |
| 分册: | ||
| 出版信息: | 北京 中国国际广播出版社 2008.01 |
|
| 页数: | 307页 | |
| 开本: | 23cm | |
| 丛书名: | 国学大讲堂 | |
| 单 册: | ||
| 中图分类: | E892.25 | |
| 科图分类: | ||
| 主题词: | 兵法--bing fa--中国--春秋时代 | |
| 电子资源: | ||
| ISBN: | 978-7-5078-2866-5 | |
| 000 | 00948nam 2200265 450 | |
| 001 | 012008346359 | |
| 005 | 20080419110405.50 | |
| 010 | @a978-7-5078-2866-5@dCNY32.00 | |
| 100 | @a20080419d2008 em y0chiy0120 ea | |
| 101 | 0 | @achi |
| 102 | @aCN@b110000 | |
| 105 | @ay z 000yy | |
| 106 | @ar | |
| 200 | 1 | @a孙子兵法导读@Asun zi bing fa dao du@f黄葵著@Fhuang kui zhu |
| 210 | @a北京@c中国国际广播出版社@d2008.01 | |
| 215 | @a307页@d23cm | |
| 225 | 2 | @a国学大讲堂@Aguo xue da jiang tang@i元曲导读@h第一辑 |
| 330 | @a本收系统地介绍了《孙子兵法》的思想内容,详细注译了十三篇正文,并精选了成功运用《孙子兵法》的古代战例。全书既有学术书的严谨性,又不失大众读物的趣味性。 | |
| 410 | 0 | @12001 @a国学大讲堂@i元曲导读@h第一辑 |
| 605 | @a孙子兵法@Asun zi bing fa@x注释 | |
| 606 | 0 | @a兵法@Abing fa@y中国@z春秋时代 |
| 690 | @aE892.25@v4 | |
| 701 | 0 | @a黄葵@Ahuang kui@4著 |
| 801 | 0 | @aCN@bQSSK@c20080419 |
| 905 | @b294251-53@dE892.25@eH853@f3 | |
| 孙子兵法导读/黄葵著.-北京:中国国际广播出版社,2008.01 |
| 307页;23cm.-(国学大讲堂.元曲导读.第一辑) |
| ISBN 978-7-5078-2866-5:CNY32.00 |
| 本收系统地介绍了《孙子兵法》的思想内容,详细注译了十三篇正文,并精选了成功运用《孙子兵法》的古代战例。全书既有学术书的严谨性,又不失大众读物的趣味性。 |
| ● |
| 相关链接 |
|
|
|
正题名:孙子兵法导读
索取号:E892.25/H853
 
预约/预借
| 序号 | 登录号 | 条形码 | 馆藏地/架位号 | 状态 | 备注 |
| 1 | 294251 | 202942511 | 社科库509/509社科库 123排2列6层/ [索取号:E892.25/H853] | 在馆 | |
| 2 | 294252 | 202942520 | 社科库509/509社科库 123排2列6层/ [索取号:E892.25/H853] | 在馆 | |
| 3 | 294253 | 202942539 | 社科库509/509社科库 123排2列6层/ [索取号:E892.25/H853] | 在馆 |